000 00485nam a22001577a 4500
003 macl
005 20200108124152.0
008 200108b xxu||||| |||| 00| 0 eng d
040 _cmacl
082 _a920/KUM
100 _aकुमार ,दिनकर
_974097
245 _aमार्टिन लूथर किंग
260 _aदिल्‍ली
_bचिल्‍ड्रन बुक टेंपल
_c2016
650 _aजीवनी
_97943
942 _2ddc
_cHIN
999 _c61701
_d61701